Statistics for Clone Officers Quiz(Hard)

Click here to take the quiz!

General Stats

  • This quiz has been taken 33 times
    (30 since last reset)
  • The average score is 10 of 34

Answer Stats

AppearancesRankAnswer% Correct
33ComCody
100%
67CptRex
100%
8ComFox
100%
7ComGree
100%
4Sgt/ComAppo
67%
2Lt/ComThire
67%
2ComJet
33%
15ComWollfe
33%
1ComTrauma
33%
1ComThorn
33%
1ComStone
33%
1CptSilver
33%
3ComNeyo
33%
1CptLock
33%
1CptZak
33%
1ComDoom
33%
1ComBlackout
33%
4ComBly
33%
8(2003 Version)CptFordo
33%
1CorComet
33%
1ComDavijaan
33%
1ComHammer
0%
1CptVaugne
0%
2ComBlitz
0%
2ComColt
0%
7ComPonds
0%
2ComHavoc
0%
1ComFil
0%
3ComMonnk
0%
1CptKeeli
0%
1CptGregor
0%
1CptJai'Galaar
0%
2ComBacara
0%
4SgtHunter
0%

Score Distribution

Percentile by Number Answered

Percent of People with Each Score

Your Score History

You have not taken this quiz since the last reset